Современная индийская новелла (Запис № 580082)
[ простий вигляд ]
| 000 -Лідер | |
|---|---|
| fixed length control field | 02232 a2200277 4500 |
| 001 - Контрольний номер | |
| control field | 2162214035926662 |
| 003 - Ідентифікатор контрольного номера | |
| control field | UA-OsUOA |
| 005 - Дата та час останнього входження (трансакції) | |
| control field | 20260331114106.0 |
| 008 - Елементи даних фіксованої довжини – загальна інформація | |
| fixed length control field | 260316b -ur||||| |||| 00| f rus d |
| 040 ## - Джерело каталогізації | |
| Агенція оригінальної каталогізації | UA-OsUOA |
| Мова каталогізації | rus |
| Агенція, яка здійснювала перезапис | UA-OsUOA |
| Агенція, яка здійснювала модифікацію | UA-OsUOA |
| 041 ## - Код мови | |
| Код мови тексту/ звукової доріжки чи окремого заголовка (П) | rus |
| 080 ## - Індекс Універсальної десяткової класифікації | |
| Індекс Універсальної десяткової класифікації (УДК) (НП) | 821.161.1(540) |
| 090 ## - Локальний шифр розміщення | |
| Класифікаційний індекс УДК | 821.161.1(540) |
| Авторський знак (НП) | C56 |
| 245 ## - Відомості про назву | |
| Назва (НП) | Современная индийская новелла |
| Решта назви (НП) | пер. с хинди, урду, бенгальского и других языков |
| Дані про відповідальність (НП) | составл. и справки об авторах В. Макаренко, В. Чернышова ; предисл. М. Салганик ; ред. И. Клычкова |
| 260 ## - Публікація, розповсюдження і т.п. (Вихідні дані) | |
| Місце публікації, розповсюдження і т.п. (П) | Москва |
| Ім’я/ наймення видавництва, розповсюджувача і т.п. (П) | Прогресс |
| Дата публікації, розповсюдження і т.п. (П) | 1976 |
| 300 ## - Фізичний опис | |
| Обсяг | 368 с. |
| 520 ## - Резюме і т.п. | |
| Резюме, реферат, анотація, тощо (НП) | В книгу вошли произведения более чем 40 авторов, пишущих на разных языках Индии (хинди, урду, бенгальский, маратхи, малаялам, тамильский, панджаби и др.).<br/>В сборнике представлены такие классики, как Премчанд, Кришан Чандар, Рабиндранат Тагор, Мулк Радж Ананд, Бхишам Сахни и многие другие.<br/>Рассказы отражают социальные изменения в индийском обществе после обретения независимости, борьбу с кастовыми предрассудками, жизнь «маленького человека» и психологические драмы.<br/>Содержит подробные биографические справки об авторах, подготовленные известными индологами В. Макаренко и В. Чернышовым |
| 650 ## - Додаткове предметне введення – тематичний термін | |
| Тематичний термін чи географічна назва, як елемент введення (НП) | 82 Література. Літературознавство |
| 9 (RLIN) | 15 |
| 700 1# - Додаткове введення – ім'я особи | |
| Ім’я особи (НП) | Макаренко В. |
| 9 (RLIN) | 24480 |
| 700 1# - Додаткове введення – ім'я особи | |
| Ім’я особи (НП) | Чернышова В. |
| 9 (RLIN) | 24481 |
| 700 1# - Додаткове введення – ім'я особи | |
| Ім’я особи (НП) | Салганик М. |
| 9 (RLIN) | 24482 |
| 700 1# - Додаткове введення – ім'я особи | |
| Ім’я особи (НП) | Клычкова И. |
| 9 (RLIN) | 24483 |
| 942 ## - Додаткові елементи входу (Коха) | |
| Тип елемента Koha | Книги |
| Source of classification or shelving scheme | Universal Decimal Classification |
| 955 ## - Код типу видання за змістом | |
| Код типу видання за змістом (НП) | Літературно-художні видання |
| Стан вилучень | Стан втрат | Джерело класифікації або схеми стелажів | Стан уражень | Не для кредиту | Код колекції | Постійне місце розташування | Поточне розміщення | Дата придбання | Джерело придбання | Вартість, звичайна ціна покупки | Інвентарний номер | Усього замовленно | Штрих-код | Дата останнього перегляду | Вартість, ціна заміни | Ціна ефективна від | Тип елемента Koha |
|---|---|---|---|---|---|---|---|---|---|---|---|---|---|---|---|---|---|
| Universal Decimal Classification | Колекція Шевчука Д. М. | АБ - Абонемент НБ | АБ - Абонемент НБ | 04/03/2026 | Акт №09/04.03.2026 | 25.00 | 169566 | 169566 | 16/03/2026 | 25.00 | 16/03/2026 | Книги |